Statistiques concernant Entreprises des GAFAM

Cliquez ici pour prendre le quiz!

Statistiques générales

  • Ce quiz a été pris 5 728 fois
  • Le résultat moyen est 5 sur 5

Statistiques - réponses

Entreprises% Correct
Apple
97%
Google
96%
Amazon
93%
Facebook (Meta)
93%
Microsoft
90%

Distribution des résultats

Percentile par nombre de réponses

% des personnes avec chaque résultat

Votre développement - résultats

Vous n’avez pas pris ce quiz